000 00515nam a2200181Ia 4500
008 240925s9999 xx 000 0 und d
020 _a30260361
082 _a540 MAS
100 _aMasterton ,William L.; Hurley ,Cecile N.
245 0 _aChemistry: Principles and Reactions
250 _a4th
260 _aNew York:
_bSanders college pubication
_c,1989.
300 _axv,892p.
_bNA
_fOriginal
500 _aNA
600 _aHumanities & Natural Science
650 _aChemistry and allied sciences
942 _cBK
999 _c7065
_d7065